Sports Quiz

Random Sports Quiz

UFC and Bellator MMA Fighters Quiz Stats

 Plays Quiz not verified by Sporcle

Score 0/234 Timer 20:00
0 Plays Today
Answer % Correct
Chael Sonnen
86.1%
Quinton Jackson
83%
Eddie Alvarez
81.6%
Benson Henderson
81.6%
Tito Ortiz
78.5%
Matt Mitrione
78%
Rory MacDonald
78%
Ryan Bader
77.6%
Phil Davis
75.3%
Wanderlei Silva
75.3%
Jay Silva
74.4%
Damon Jackson
74%
Marcus Davis
73.1%
Roy Nelson
73.1%
Paul Daley
72.2%
Gegard Mousasi
71.7%
Michael McDonald
70.4%
Anthony Smith
67.7%
Kimbo Slice
67.7%
Royce Gracie
67.3%
Will Brooks
66.8%
Gilbert Smith
66.8%
Hector Lombard
66.4%
Leslie Smith
66.4%
Stephan Bonnar
65.9%
Alexander Volkov
64.6%
Lavar Johnson
64.6%
Cheick Kongo
64.1%
Ken Shamrock
64.1%
Josh Koscheck
61.9%
Kendall Grove
59.2%
Neil Grove
57.8%
Holly Holm
57.8%
Uriah Hall
57%
Ben Saunders
57%
Joe Soto
56.5%
Marcin Held
56.1%
Carla Esparza
55.2%
Oli Thompson
55.2%
Shawn Jordan
54.7%
Wilson Reis
54.3%
Zach Makovsky
54.3%
Josh Thomson
54.3%
Eddie Sanchez
53.8%
Lorenz Larkin
53.8%
Alessio Sakara
52.9%
Lyman Good
52%
Roger Huerta
52%
Eryk Anders
52%
Felice Herrig
51.1%
Diego Nunes
51.1%
Vladimir Matyushenko
51.1%
Abdul Razak Alhassan
51.1%
Derrick Lewis
50.7%
Aisling Daly
50.2%
Paul Sass
50.2%
Jimmie Rivera
49.8%
Ricco Rodriguez
49.8%
Akihiro Gono
49.8%
Houston Alexander
49.8%
John Teixeira
49.8%
Justin Wren
49.3%
Desmond Green
48.9%
Ryan Couture
48.9%
Jorge Masvidal
48%
Henry Martinez
48%
Shonie Carter
48%
Travis Browne
47.5%
Rich Clementi
47.5%
Paul Buentello
46.6%
Renato Sobral
46.6%
Jessica Eye
46.2%
Jessica Penne
45.7%
James Krause
45.7%
Diego Saraiva
45.7%
Heather Jo Clark
45.7%
Joey Beltran
45.3%
Nick Ring
45.3%
Answer % Correct
Jerrod Sanders
45.3%
Joe Riggs
45.3%
Lisa Ellis
45.3%
Elias Theodorou
45.3%
Valerie Letorneau
45.3%
Sergio Moraes
44.8%
Nordine Taleb
44.8%
Jessica Aguilar
44.4%
Chad Laprise
44.4%
Paul Bradley
44.4%
Melvin Guillard
44.4%
Daniel Pineda
43.9%
Dan Cramer
43.9%
Aaron Rosa
43.9%
Terry Etim
43.9%
Adam Cella
43.9%
David Branch
43.5%
Yoshiyuki Yoshida
43.5%
Seth Petruzelli
43.5%
John Alessio
43.5%
Ryan Jensen
43.5%
Alexis Dufresne
43.5%
Hector Urbina
43%
Dave Herman
43%
Zak Cummings
43%
Joe Vedepo
43%
Justin Lawrence
43%
Daniel Spohn
42.6%
Jon Koppenhaver
42.6%
Benito Lopez
42.6%
Rosi Sexton
42.2%
Sam Alvey
42.2%
Hector Ramirez
42.2%
Willie Gates
41.7%
Dave Menne
41.7%
Maiquel Falcao
41.7%
Vinicius Queiroz
41.7%
Albert Morales
41.7%
Yves Edwards
40.8%
Mike Wessel
40.8%
Rodney Wallace
40.8%
Chase Gormley
40.8%
Jack May
40.8%
Justin Edwards
40.4%
Damian Grabowski
40.4%
Matt Van Buren
40.4%
Brian Kelleher
40.4%
Belal Muhammad
40.4%
Jack Hermansson
40.4%
Tom DeBlass
40.4%
Charlie Ward
40.4%
Phil De Fries
40.4%
Jeff Curran
39.9%
Ryan Roberts
39.5%
Tony Fryklund
39.5%
Nah-Shon Burrell
39.5%
Sabah Homasi
39%
Josh Shockley
39%
Shane Howell
39%
Colin Fletcher
39%
Daniel Sarafian
38.6%
Bubba McDaniel
38.6%
Chris Kelades
38.6%
Sherman Pendergarst
38.1%
Nathan Coy
38.1%
Volkan Oezdemir
38.1%
Ryan Thomas
37.7%
Edgar Garcia
37.7%
Sirwan Kakai
37.7%
Jessica Rakoczy
37.2%
Ulysses Gomez
37.2%
Jay Hieron
37.2%
John Salter
37.2%
Kevin Souza
37.2%
James Mulheron
37.2%
Mike Ricci
36.8%
Efrain Escudero
36.8%
Kevin Casey
36.8%
Answer % Correct
Phil Baroni
36.3%
Brad Blackburn
35.9%
Kenny Robertson
35.9%
Alex Ricci
35.9%
Kurt Pellegrino
35.9%
Phillipe Nover
35.4%
Cain Carrizosa
35%
Sam Sicilia
35%
Alex Andrade
34.5%
Chuck O’Neil
34.5%
Doug Evans
34.5%
Jeremy Horn
34.1%
Jake Rosholt
34.1%
Jake Ellenberger
33.6%
Tamdan McCrory
33.6%
Cody Pfister
33.6%
Oleksiy Oliynyk
33.2%
Sean Spencer
33.2%
Luke Zachrich
32.7%
Andrew Craig
32.7%
Jim Wallhead
32.7%
Alvin Robinson
32.7%
Mark Godbeer
32.7%
Rameau Thierry Sokoudjou
32.7%
Francis Carmont
32.7%
Brian Melancon
32.3%
Clay Harvison
32.3%
Mike Rhodes
32.3%
Vagner Rocha
31.8%
Josh Neer
31.8%
Brian Gassaway
31.8%
Carlos Eduardo Rocha
31.8%
Allen Crowder
31.8%
Anthony Lapsley
31.4%
J.C. Cottrell
31.4%
Anthony Birchak
30.9%
Dustin Jacoby
30.9%
Noad Lahat
30.9%
Travis Wiuff
30.5%
Rob Emerson
30.5%
Jake Lindsey
30.5%
Dan Evensen
30%
Matt Horwich
30%
Karo Parisyan
29.6%
Nam Phan
29.6%
Benji Radach
29.6%
Estevan Payan
29.1%
Falaniko Vitale
29.1%
Jacob Volkmann
28.7%
Nick Pace
28.7%
Drew Dober
28.3%
Darrell Horcher
28.3%
Waylon Lowe
27.4%
Azunna Anyanwu
27.4%
Roger Hollett
27.4%
Dustin Neace
27.4%
Mike Guymon
27.4%
Chad Reiner
26.9%
Sultan Aliev
26.5%
Johnny Bedford
26%
Chris Heatherly
26%
Cody Donovan
25.6%
Eric Wisely
25.6%
Dominique Steele
25.1%
Michael McBride
25.1%
John Kolosci
23.8%
Jason Lambert
23.8%
Johnny Eduardo
23.3%
Danny Mitchell
23.3%
Trevor Prangley
22.9%
Josh Samman
21.5%
Jonathan Brookins
19.7%
Clifford Starks
19.7%
Josh Stansbury
18.8%
Sean McCorkle
17.5%
Rolando Delgado
15.2%
Chas Skelly
12.6%
Shamar Bailey
12.1%

You're not logged in!

Compare scores with friends on all Sporcle quizzes.
OR
Log In

Sporcle TV

Today on Sporcle TV


Watch our educational content, quiz creation guides, and fun videos on Sporcle TV.

Show Comments

Extras

Created Dec 16, 2017ReportNominate
Tags:2017, fighter, fought, least, MMA, UFC

Top Quizzes Today


Score Distribution

Your Account Isn't Verified!

In order to create a playlist on Sporcle, you need to verify the email address you used during registration. Go to your Sporcle Settings to finish the process.

Report this User

Report this user for behavior that violates our Community Guidelines.

Details: